| 000 | 01147nmc a2200373 a 4500 | ||
|---|---|---|---|
| 003 | AR-BaBNM | ||
| 005 | 20251128210333.0 | ||
| 008 | 011101s1997 ||||||||||||||000 | spa|| | ||
| 020 | _a84-493-0402-4 | ||
| 040 | _cAR-BaBNM | ||
| 100 | 1 | _aTiffin, John | |
| 245 | 1 | 0 |
_aEn busca de la clase virtual _bla educación en la sociedad de la información |
| 250 | _a1ª ed. | ||
| 260 |
_aBarcelona _bEdiciones Paidós Ibérica _c1997 |
||
| 300 |
_a274 p. _bil., tablas |
||
| 490 | 0 |
_aTemas de educación _vv. 43 |
|
| 500 | _aContiene referencias bibliográficas e índice analítico y de nombres | ||
| 650 | 4 | _aSISTEMAS DE INFORMACION | |
| 650 | 4 | _aREDES DE INFORMACION | |
| 650 | 4 | _aMETODOS DE ENSENANZA | |
| 650 | 4 | _aTECNOLOGIA EDUCATIVA | |
| 653 | _aCOMUNICACION VIRTUAL | ||
| 653 | _aINTERNET | ||
| 653 | _aINNOVACIONES EDUCATIVAS | ||
| 653 | _aEDUCACION A DISTANCIA | ||
| 653 | _aREALIDAD VIRTUAL | ||
| 653 | _aESPACIOS EDUCATIVOS | ||
| 653 | _aGLOBALIZACION | ||
| 700 | 1 | _aRajasingham, Lalita | |
| 700 | 1 |
_aFerraté Pascual, Gabriel _eprologuista |
|
| 800 | 1 |
_aColl, Cesar _edirector |
|
| 942 | _cBK | ||
| 998 | _cRaquel | ||
| 999 |
_c15028 _d15028 |
||